000 00422nam a2200169Ia 4500
008 240729s9999 xx 000 0 und d
022 _a2524-4507
245 0 _aJournal of Palaeogeography
260 _aNetherlands
260 _bElsevier
650 _a Geology
650 _a Paleontology
650 _aScience
856 _uhttps://doaj.org/toc/b81906d21d314da295098ea4e1d045a6
942 _2ddc
942 _cDOAJEJ
999 _c71902
_d71902
945 _a1
_bMadushi Gamage
_c1
_dMadushi Gamage